banner-ar

تاريخ الاميركيين ذوى اصول عربية / (Record no. 9471)

MARC details
000 -الفاتح
حقل البيانات ثابتة الطول 01568nam a2200325Ia 4500
008 - عناصر البيانات ثابتة الطول - معلومات عامة
حقل البيانات ثابتة الطول 140319s9999 xx 000 0 ara d
020 ## - الرقم الدولى المعيارى للكتب
الرقم الدولى المعيارى للكتاب 9051879953
040 ## - مصدر الفهرسة
وكالة الفهرسة الأصلية GCL /
وكالة النسخ GCL
082 04 - رقم تصنيف ديوى العشرى
رقم التصنيف 305.8953073
رقم المادة أ ت
100 1# - المدخل الرئيسى - إسم شخصى
الإسم الشخصى اورفلى، جريجورى
245 10 - بيان العنوان
العنوان تاريخ الاميركيين ذوى اصول عربية /
بيان المسئوليه,etc اورفلى، جريجورى
700 1# - المدخل الاضافى - اسم شخصى
الإسم الشخصى سعيد الحسنية
250 ## - بيان الطبعة
بيان الطبعة الاولى
260 ## - PUBLICATION, DISTRIBUTION, ETC. (IMPRINT)
تاريخ النشر أو التوزيع 2006
300 ## - الوصف المادى
التعداد 751 ص ؛
أبعاد الوعاء 24 سم
650 04 - المدخل الاضافى بالموضوع-مصطلح موضوعى
مصطلح موضوعي الهجرة الخارجية
650 04 - المدخل الاضافى بالموضوع-مصطلح موضوعى
مصطلح موضوعي الولايات المتحدة الامريكية - الهجرات
650 04 - المدخل الاضافى بالموضوع-مصطلح موضوعى
مصطلح موضوعي حرب الخليج الاولى
650 04 - المدخل الاضافى بالموضوع-مصطلح موضوعى
مصطلح موضوعي العرب فى الولايات المتحدة الامريكية
650 04 - المدخل الاضافى بالموضوع-مصطلح موضوعى
مصطلح موضوعي العالم العربى - الهجرات
650 04 - المدخل الاضافى بالموضوع-مصطلح موضوعى
مصطلح موضوعي الولايات المتحدة الامريكية - الجاليات العربية
650 04 - المدخل الاضافى بالموضوع-مصطلح موضوعى
مصطلح موضوعي الاعتداء الاسرائيلى على لبنان
650 04 - المدخل الاضافى بالموضوع-مصطلح موضوعى
مصطلح موضوعي اتحاد خريجى الجامعات الاميركيين العرب ( AAUG )
650 04 - المدخل الاضافى بالموضوع-مصطلح موضوعى
مصطلح موضوعي الاتحاد القومى للاميريكيين من اصول عربية ( NAAA )
650 04 - المدخل الاضافى بالموضوع-مصطلح موضوعى
مصطلح موضوعي الجمعية الاميركية - العربية لمكافحة التمييز ADC
650 04 - المدخل الاضافى بالموضوع-مصطلح موضوعى
مصطلح موضوعي سوريا - الهجرة الى الولايات المتحده الامريكية
650 04 - المدخل الاضافى بالموضوع-مصطلح موضوعى
مصطلح موضوعي لبنان - الهجرة الى الولايات المتحدة الامريكية
942 ## - عناصر المدخل الإضافي( كوها)
مصدر التصنيف او مخطط الترفيف Dewey Decimal Classification
Koha [default] item type كتاب
260 ## - PUBLICATION, DISTRIBUTION, ETC. (IMPRINT)
-- بيروت :
-- الدار العربية للعلوم ،
Holdings
حالة التراجع حالة الفقد حالة تلف ليس للاعارة المكان المؤقت الموقع الحالى تاريخ الاكتساب اجمالي اﻻعارات رقم الطلب الباركود تاريخ اخر مشاهدة تاريخ تفعيل السعر نوع وعاء كوها
        مكتبة القاهرة الكبرى مكتبة القاهرة الكبرى 03/26/2014   305.8953073\أ ت 19750 03/26/2014 03/26/2014 كتاب
        مكتبة القاهرة الكبرى مكتبة القاهرة الكبرى 03/26/2014   305.8953073\أ ت 19751 03/26/2014 03/26/2014 كتاب
        مكتبة القاهرة الكبرى مكتبة القاهرة الكبرى 03/26/2014   305.8953073\أ ت 19752 03/26/2014 03/26/2014 كتاب

Powered By

EGPV